| 000 | 00471nam a22001937a 4500 | ||
|---|---|---|---|
| 003 | MPLRDC | ||
| 005 | 20220104154202.0 | ||
| 008 | 210129b ||||| |||| 00| 0 eng d | ||
| 020 | _a962-988-117-9 | ||
| 082 | _a857.621 NK-62 v.1 | ||
| 100 | _a倪匡 | ||
| 245 |
_a丽人劫 _c |
||
| 250 | _a初版 | ||
| 260 |
_a香港 _b利文出版社 _c2004 |
||
| 300 | _b170 | ||
| 490 | _a倪匡影子传奇系列. 1 | ||
| 650 | _a科幻小说 | ||
| 942 |
_cBK _o857.621 NK-62 v.1 |
||
| 999 |
_c53847 _d53837 |
||